MARC details
| 000 -LEADER |
| fixed length control field |
02777cam a22004457i 4500 |
| 001 - CONTROL NUMBER |
| control field |
data |
| 005 - DATE AND TIME OF LATEST TRANSACTION |
| control field |
20260322212123.0 |
| 008 - FIXED-LENGTH DATA ELEMENTS--GENERAL INFORMATION |
| fixed length control field |
data |
| 035 ## - SYSTEM CONTROL NUMBER |
| System control number |
23668518 |
| 010 ## - LIBRARY OF CONGRESS CONTROL NUMBER |
| LC control number |
2024402051 |
| 020 ## - INTERNATIONAL STANDARD BOOK NUMBER |
| International Standard Book Number |
9781472143013 |
| Qualifying information |
(paperback) |
| 040 ## - CATALOGING SOURCE |
| Original cataloging agency |
DLC |
| Language of cataloging |
eng |
| Description conventions |
rda |
| Transcribing agency |
DLC |
| 050 00 - LIBRARY OF CONGRESS CALL NUMBER |
| Classification number |
MLCS 2024/45777 (D) |
| 100 1# - MAIN ENTRY--PERSONAL NAME |
| Personal name |
Parker, Alexander, |
| Relator term |
author. |
| 245 10 - TITLE STATEMENT |
| Title |
50 people who messed up the world / |
| Statement of responsibility, etc. |
Alexander Parker & Tim Richman ; with cartoons by Zapiro. |
| 246 3# - VARYING FORM OF TITLE |
| Title proper/short title |
Fifty people who messed up the world |
| 250 ## - EDITION STATEMENT |
| Edition statement |
Paperback edition. |
| 264 #1 - PRODUCTION, PUBLICATION, DISTRIBUTION, MANUFACTURE, AND COPYRIGHT NOTICE |
| Place of production, publication, distribution, manufacture |
London : |
| Name of producer, publisher, distributor, manufacturer |
Robinson, |
| Date of production, publication, distribution, manufacture, or copyright notice |
2018. |
| 264 #4 - PRODUCTION, PUBLICATION, DISTRIBUTION, MANUFACTURE, AND COPYRIGHT NOTICE |
| Date of production, publication, distribution, manufacture, or copyright notice |
©2017 |
| 300 ## - PHYSICAL DESCRIPTION |
| Extent |
415 pages : |
| Other physical details |
illustrations, portraits ; |
| Dimensions |
20 cm |
| 336 ## - CONTENT TYPE |
| Content type term |
text |
| Content type code |
txt |
| Source |
rdacontent |
| 336 ## - CONTENT TYPE |
| Content type term |
still image |
| Content type code |
sti |
| Source |
rdacontent |
| 337 ## - MEDIA TYPE |
| Media type term |
unmediated |
| Media type code |
n |
| Source |
rdamedia |
| 338 ## - CARRIER TYPE |
| Carrier type term |
volume |
| Carrier type code |
nc |
| Source |
rdacarrier |
| 500 ## - GENERAL NOTE |
| General note |
Originally published: South Africa : Mercury, 2017. |
| 500 ## - GENERAL NOTE |
| General note |
Minimal Level Cataloging Plus. |
| Institution to which field applies |
DLC. |
| 504 ## - BIBLIOGRAPHY, ETC. NOTE |
| Bibliography, etc. note |
Includes bibliographical references and index. |
| 520 ## - SUMMARY, ETC. |
| Summary, etc. |
From despotic mass-murderers to sports cheats, and from corrupt politicians to truly dreadful celebrities, who has had the most damaging -- or vexatious -- impact in their particular sphere of modern life? This line-up of the very worst of the twentieth century and beyond includes the obvious candidates: those who have caused extraordinary damage through their murderous paranoia, brutal avarice, or demented self-regard -- Stalin, King Leopold, Idi Amin and the like. But murderous dictators aside, there are plenty of others who deserve recognition for their role in making the world a significantly more dangerous or, at the very least, more annoying place: terrorist Carlos the Jackal; Robert Oppenheimer, the man who gave the world the atomic bomb; notorious sports cheat Lance Armstrong; and the one and only President Donald Trump, who has of course succeeded in making the world both more annoying and more dangerous. This perfectly focused spotlight on infamy is illustrated throughout by award-winning political cartoonist Zapiro. |
| 650 #0 - SUBJECT ADDED ENTRY--TOPICAL TERM |
| Topical term or geographic name entry element |
Politicians |
| Form subdivision |
Biography. |
| 650 #0 - SUBJECT ADDED ENTRY--TOPICAL TERM |
| Topical term or geographic name entry element |
Celebrities |
| Form subdivision |
Biography. |
| 650 #0 - SUBJECT ADDED ENTRY--TOPICAL TERM |
| Topical term or geographic name entry element |
Dictators |
| Form subdivision |
Biography. |
| 650 #0 - SUBJECT ADDED ENTRY--TOPICAL TERM |
| Topical term or geographic name entry element |
Terrorists |
| Form subdivision |
Biography. |
| 650 #0 - SUBJECT ADDED ENTRY--TOPICAL TERM |
| Topical term or geographic name entry element |
Criminals |
| Form subdivision |
Biography. |
| 655 #7 - INDEX TERM--GENRE/FORM |
| Genre/form data or focus term |
Biographies. |
| Source of term |
lcgft |
| Authority record control number or standard number |
https://id.loc.gov/authorities/genreForms/gf2014026049 |
| 758 ## - RESOURCE IDENTIFIER |
| Relationship information |
has work: |
| Label |
50 people who messed up the world (Text) |
| Real World Object URI |
https://id.oclc.org/worldcat/entity/E39PCGdPbPFvmjGt8pyY3rhMpq |
| Relationship |
https://id.oclc.org/worldcat/ontology/hasWork |
| 906 ## - LOCAL DATA ELEMENT F, LDF (RLIN) |
| a |
7 |
| b |
cbc |
| c |
origres |
| d |
2 |
| e |
ncip |
| f |
20 |
| g |
y-gencatlg |
| 925 0# - |
| -- |
acquire |
| -- |
1 shelf copy |
| -- |
policy default |